[Event "ESP-chT"]
[Site "Oropesa del Mar"]
[Date "1996.??.??"]
[Round "2"]
[White "Ramos Suria, Felix"]
[Black "Oms Pallise, Josep"]
[Result "0-1"]
[WhiteElo "2200"]
[BlackElo "2395"]

1.e4 c5 2.Nc3 Nc6 3.Nge2 Nf6 4.g3 d5 5.exd5 Nxd5 6.Bg2 Nxc3 7.Nxc3 Qd7 8.O-O e6
9.d3 b6 10.Be3 Bb7 11.a3 Be7 12.Rb1 O-O 13.f4 Rad8 14.Ne2 Rfe8 15.Qe1 Nd4
16.Nxd4 Bxg2 17.Kxg2 cxd4 18.Bf2 f5 19.Kg1 Bf6 20.Qb4 h5 21.Rfe1 Rc8 22.Re2 Qd5
23.Qb3 Qxb3 24.cxb3 Kf7 25.Kf1 e5 26.fxe5 Rxe5 27.Rd1 Rxe2 28.Kxe2 Rc2+ 29.Rd2 Rxd2+
30.Kxd2 g5 31.h3 Ke6 32.Ke2 g4 33.hxg4 hxg4 34.Be1 Bg5 35.Kd1 Be3 36.a4 f4
37.gxf4 Kf5 38.Bg3 Bxf4 39.Bf2 Be5 40.Ke2 g3 41.Bg1 Kg4 42.b4 a6 43.b5 axb5
44.axb5 Bf6 45.b3 Bg7  0-1

[Event "Komercni Banka op"]
[Site "Pardubice"]
[Date "1996.??.??"]
[Round "1"]
[White "Galdunts, Sergey"]
[Black "Furman, Boris"]
[Result "1/2-1/2"]
[WhiteElo "2465"]
[BlackElo "2220"]

1.e4 c5 2.Nc3 Nc6 3.Nge2 d6 4.d4 cxd4 5.Nxd4 Nf6 6.Bc4 e5 7.Nf3 Be6 8.Bb3 Be7
9.O-O O-O 10.h3 h6 11.Be3 Qd7 12.Qe2 Na5 13.Rfd1 Qc6 14.Nd5 Bd8 15.Qd3 Nxb3
16.axb3 a6 17.c4 Nd7 18.Nb4 Qc7 19.Nd5 Qc6 20.Nd2 Qc8 21.b4 b6 22.f4 exf4
23.Bxf4 Ne5 24.Qg3 Bxd5 25.cxd5 Bf6 26.Rac1 Qb7 27.Bxh6 Ng6 28.Be3 Bxb2 29.Rc6 Be5
30.Qg4 b5 31.Rdc1 Qe7 32.Nf3 Bb2 33.R1c2 Ne5 34.Nxe5 Qxe5 35.Re2 a5 36.bxa5 Rxa5
37.g3 Bd4 38.Qf3 Ra3 39.Kg2 Bxe3 40.Rxe3 Ra1 41.h4 Ra2+ 42.Kh3 Qe7 43.Qf4 Rd8
44.h5  1/2-1/2

[Event "Komercni Banka op"]
[Site "Pardubice"]
[Date "1996.??.??"]
[Round "3"]
[White "Cherevatenko, Roman"]
[Black "Kubikova, Hana"]
[Result "1-0"]
[WhiteElo "2415"]
[BlackElo "2180"]

1.e4 c5 2.Nf3 Nc6 3.Nc3 Nf6 4.d4 cxd4 5.Nxd4 e5 6.Ndb5 d6 7.Bg5 a6 8.Na3 b5
9.Nd5 Be7 10.Bxf6 Bxf6 11.c4 b4 12.Nc2 Rb8 13.b3 a5 14.Bd3 Be6 15.O-O O-O
16.Qe2 Bg5 17.Rfd1 g6 18.a3 bxa3 19.Rxa3 f5 20.Nc3 f4 21.f3 Bh4 22.Nb5 Qb6+
23.Kh1 Bf2 24.Ra2 Bc5 25.g4 Rf7 26.Qg2 Qd8 27.Bf1 Rd7 28.Ne1 Nd4 29.Rb2 Kg7
30.Nd3 Qh4 31.Nxf4 Bg8 32.Nd3 Nxb5 33.Nxc5 Rdd8 34.Na6 Nc3 35.Rc1 Rb6 36.c5 dxc5
37.Rxc3 Rd1 38.Rd2 Rb1 39.Nxc5 Qe1 40.Kg1  1-0

[Event "Komercni Banka op"]
[Site "Pardubice"]
[Date "1996.??.??"]
[Round "3"]
[White "Sikora, Jan"]
[Black "Meier, Volker"]
[Result "1-0"]
[WhiteElo "2165"]
[BlackElo "2290"]

1.e4 c5 2.Nc3 Nc6 3.Nf3 e5 4.Bc4 d6 5.d3 Be7 6.Nd2 Nf6 7.Nf1 Be6 8.Ne3 O-O
9.O-O a6 10.Ncd5 b5 11.Bb3 Nd4 12.Nxf6+ Bxf6 13.Bd5 Rc8 14.a4 Nc6 15.axb5 axb5
16.c3 Qd7 17.Bd2 Bg5 18.Qb3 Ne7 19.Bxe6 fxe6 20.Ra5 Rb8 21.Rfa1 Rb7 22.Ra8 Rxa8
23.Rxa8+ Kf7 24.Qa2 Nc6 25.Qa6 Nb8 26.Qa5 Nc6 27.Qa6 Nb8 28.Qa5 d5 29.Ng4 Bf6
30.Nxf6 gxf6 31.exd5 exd5 32.h3 c4 33.dxc4 bxc4 34.Bc1 Qd6 35.Qa4 Nd7 36.Qd1 f5
37.Qh5+ Qg6 38.Qd1 Nf6 39.Qa4 f4 40.Qc6 Re7 41.Ra6 Qf5 42.b3 cxb3 43.Ba3 Re6
44.Qb7+ Kg6 45.Ra7 b2 46.Bxb2 Qb1+ 47.Kh2 Qc2 48.Qg7+ Kf5 49.Rf7 e4 50.Qg4+ Ke5
51.Qg5+ Kd6 52.Qxf4+ Kc5 53.Ba3+ Kc4 54.Rxf6 Rxf6 55.Qxf6 Qxc3 56.Qxc3+ Kxc3
57.Kg3 d4 58.Bc1 Kc2 59.Be3 Kd3 60.Kf4  1-0

[Event "Komercni Banka op"]
[Site "Pardubice"]
[Date "1996.??.??"]
[Round "3"]
[White "Kacirek, Petr"]
[Black "Hlavac, Rudolf"]
[Result "1-0"]
[WhiteElo "2260"]
[BlackElo "2120"]

1.e4 c5 2.Ne2 Nc6 3.Nbc3 Nf6 4.g3 d5 5.exd5 Nxd5 6.Bg2 Be6 7.Ne4 b6 8.O-O Qd7
9.d4 c4 10.b3 Na5 11.Bd2 cxb3 12.axb3 Nb7 13.c4 Nf6 14.Nxf6+ gxf6 15.Nf4 Bg4
16.Qc2 Bf5 17.Qc3 Bg7 18.Qf3 e5 19.Qxb7  1-0

[Event "Komercni Banka op"]
[Site "Pardubice"]
[Date "1996.??.??"]
[Round "3"]
[White "Ciganikova, Andrea"]
[Black "Rehak, Martin"]
[Result "0-1"]
[WhiteElo "2105"]
[BlackElo "2215"]

1.e4 c5 2.Nf3 Nc6 3.Nc3 g6 4.Bc4 Bg7 5.O-O Na5 6.d3 Nxc4 7.dxc4 Bxc3 8.bxc3 d6
9.h3 e5 10.Qd3 f6 11.Rd1 Ke7 12.Nh2 Be6 13.f4 Qd7 14.Be3 Rd8 15.a4 exf4 16.Bxf4 g5
17.Be3 Nh6 18.e5 dxe5 19.Bxc5+ Kf7 20.Qf3 Qc7 21.Be3 Kg6 22.c5 f5 23.Rab1 Rxd1+
24.Rxd1 Nf7 25.Rb1 e4 26.Qe2 Bd5 27.Bd4 Re8 28.Nf1 f4 29.h4 h5 30.hxg5 Nxg5
31.Rd1 Qf7 32.Nd2 e3 33.Nf3 Nxf3+ 34.gxf3 Kh6 35.Kh1 Rg8 36.Be5 Qf5 37.Bxf4+ Qxf4  0-1

[Event "Komercni Banka op"]
[Site "Pardubice"]
[Date "1996.??.??"]
[Round "4"]
[White "Opravil, Karel"]
[Black "Lauber, Arnd"]
[Result "0-1"]
[WhiteElo "2125"]
[BlackElo "2380"]

1.e4 c5 2.Nc3 Nc6 3.Nge2 d6 4.d4 cxd4 5.Nxd4 Nf6 6.Be2 e5 7.Nb3 Be7 8.O-O O-O
9.f4 a5 10.a4 Nb4 11.Be3 Be6 12.f5 Bd7 13.Nd5 Nbxd5 14.exd5 Qc8 15.g4 h6
16.h4 Nh7 17.Qe1 Qd8 18.Bf2 Nf6 19.Bf3 e4 20.Bxe4 Nxg4 21.Bg3 Re8 22.Rf4 h5
23.Nd4 Qb6 24.Bf2 Bxh4 25.Bxh4 Qxd4+ 26.Bf2 Qxb2 27.Rb1 Qf6 28.Rxb7 Qg5 29.Rf3 Rxe4
30.Qxe4 Nf6+ 31.Rg3 Qxg3+ 32.Bxg3 Nxe4 33.Rxd7 Nxg3 34.Rxd6  0-1

[Event "Komercni Banka op"]
[Site "Pardubice"]
[Date "1996.??.??"]
[Round "5"]
[White "Sikorova, Olga"]
[Black "Chrz, Pavel"]
[Result "1-0"]
[WhiteElo "2150"]
[BlackElo "2275"]

1.e4 c5 2.Nc3 Nc6 3.Nf3 g6 4.d4 Bg7 5.d5 Nd4 6.Be3 Qb6 7.Rb1 d6 8.Bxd4 cxd4
9.Nb5 Bg4 10.Nbxd4 Bxf3 11.Nxf3 Bxb2 12.Nd2 Qd4 13.Bb5+ Kf8 14.O-O Bc3 15.Bd3 b6
16.Rb3 Bxd2 17.Qxd2 Nf6 18.Rb4 Qe5 19.f4 Qh5 20.Be2 Qh6 21.Rc4 Nd7 22.Rc7 Nc5
23.e5 Qg7 24.Qe3 h5 25.Bb5 g5 26.exd6 exd6 27.fxg5 Rh7 28.Bc6 Rb8 29.Rxa7 Kg8
30.Be8 Qe5 31.Qxe5 dxe5 32.Bxf7+ Kh8 33.g6 Rg7 34.Rf5  1-0

[Event "Komercni Banka op"]
[Site "Pardubice"]
[Date "1996.??.??"]
[Round "6"]
[White "Drbohlav, Frantisek"]
[Black "Novikov, Stanislav"]
[Result "1/2-1/2"]
[WhiteElo "2170"]
[BlackElo "2230"]

1.e4 c5 2.Nc3 Nc6 3.Nf3 g6 4.d4 cxd4 5.Nxd4 Bg7 6.Nde2 Nf6 7.g3 O-O 8.Bg2 a6
9.O-O Rb8 10.Nd5 b5 11.Bg5 Ne8 12.c3 h6 13.Be3 e6 14.Ndf4 Bb7 15.Nd3 d6 16.a4 Na5
17.axb5 axb5 18.Nd4 Nc4 19.Bc1 d5 20.e5 Nxe5 21.Nxe5 Bxe5 22.Bxh6 Ng7 23.Qe2 Bf6
24.Bf4 Ra8 25.Qxb5 Qc8 26.Rxa8 Qxa8 27.Re1 Rc8 28.h4 Ba6 29.Qa5 Bd8 30.Qa3 Qb7
31.Ra1 Bd3 32.Bd6 Ne8 33.Bb4 Bb6 34.Qa4 Nf6 35.Qd1 Be4 36.Bf1 Ra8 37.Rxa8+ Qxa8
38.Ba3 e5 39.Nb5 Qc6 40.Qd2 Kg7 41.Qg5 Qe6 42.Bd6 Bf5 43.Bg2 Ng4 44.Qe7 Bxf2+
45.Kh1 Bxg3 46.Qf8+ Kh7 47.Nc7 Qf6 48.Be7 Nf2+ 49.Kg1 Qg7 50.Qxg7+ Kxg7 51.Nxd5 Ng4
52.b4 Bf2+ 53.Kh1 e4 54.b5 e3 55.Nf4 Bg3 56.Ne2  1/2-1/2

[Event "Komercni Banka op"]
[Site "Pardubice"]
[Date "1996.??.??"]
[Round "8"]
[White "Filipenko, Alexander V"]
[Black "Moroz, Alexander"]
[Result "0-1"]
[WhiteElo "2430"]
[BlackElo "2500"]

1.e4 c5 2.Nf3 Nc6 3.Nc3 e5 4.Bc4 Be7 5.d3 h6 6.Nd2 Nf6 7.Nf1 O-O 8.Ne3 d6
9.O-O a6 10.Ned5 Nd4 11.f4 exf4 12.Bxf4 Nxd5 13.Nxd5 Bg5 14.c3 Nc6 15.Bxg5 Qxg5
16.Nb6 Bg4 17.Qb3 Rad8 18.Rxf7 Kh8 19.Kh1 Qd2 20.Be6 Bxe6 21.Qxe6 Rxf7 22.Qxf7 Qxb2  0-1

[Event "Komercni Banka op"]
[Site "Pardubice"]
[Date "1996.??.??"]
[Round "8"]
[White "Onoprienko, Vladimir"]
[Black "Jedlicka, Ales"]
[Result "1/2-1/2"]
[WhiteElo "2295"]
[BlackElo "2145"]

1.e4 c5 2.Nc3 Nc6 3.Nf3 d6 4.d4 cxd4 5.Nxd4 Nf6 6.Bc4 e6 7.Bb3 a6 8.Be3 Be7
9.f4 Bd7 10.O-O O-O 11.f5 Nxd4 12.Bxd4 b5 13.Bxf6 Bxf6 14.Qxd6 exf5 15.exf5 Be7
16.Qg3 Bc6 17.Rad1 Bc5+ 18.Kh1 Qf6 19.Bd5 Rfe8 20.Bxc6 Qxc6 21.f6 g6 22.Nd5 Rad8
23.Qc7 Rc8 24.Qxc6 Rxc6 25.Rfe1 Kf8 26.Rxe8+ Kxe8 27.g3 Kd7 28.Kg2 Ke6 29.Kf3 Bd6
30.c3 Rc5 31.Ne3 Bc7 32.Rd3 Kxf6 33.b4 Rc6 34.Nd5+ Ke6 35.Nxc7+ Rxc7 36.Ke3 f5  1/2-1/2

[Event "Paris op"]
[Site "Paris"]
[Date "1996.??.??"]
[Round "8"]
[White "Onoprienko, Vladimir"]
[Black "Karr, Jean Philipp"]
[Result "0-1"]
[WhiteElo "2355"]
[BlackElo "2385"]

1.e4 c5 2.Nc3 Nc6 3.Nf3 g6 4.d4 cxd4 5.Nxd4 Bg7 6.Nb3 Nf6 7.Be2 O-O 8.O-O d6
9.Bg5 Be6 10.Kh1 Na5 11.f4 Rc8 12.f5 Bc4 13.Bd3 b5 14.Qd2 b4 15.Nd1 Nxe4
16.Bxe4 Nxb3 17.axb3 Bxf1 18.Ne3 Bb5 19.Nd5 f6 20.Be3 a6 21.fxg6 f5 22.Bg5 fxe4
23.Qe3 Qd7 24.Qxe4 Rce8 25.Qh4 hxg6 26.Nxe7+ Rxe7 27.Bxe7 Rf7 28.Re1 Qf5
29.h3 Be5  0-1

[Event "Petah Tiqwa"]
[Site "Petah Tiqwa"]
[Date "1996.??.??"]
[Round "1"]
[White "Rotman, Daniel"]
[Black "Birnboim, Grigory"]
[Result "1-0"]
[WhiteElo "2345"]
[BlackElo "2275"]

1.e4 c5 2.Nf3 Nc6 3.Nc3 e5 4.Bc4 g6 5.d3 Bg7 6.Ng5 Nh6 7.f4 exf4 8.Bxf4 f6
9.Nf3 d6 10.O-O Ne5 11.Nxe5 dxe5 12.Bb5+ Bd7 13.Bxh6 Bxh6 14.Bxd7+ Kxd7 15.Qg4+ Kd6
16.Nd5 Bg7 17.c3 Rf8 18.Qh3 h5 19.d4 Qc8 20.Qg3 Qg4 21.dxc5+ Kxc5 22.Qe3+ Kc6
23.Rad1 b6 24.Qd3 Kb7 25.Nb4 Rad8 26.Qa6+ Ka8 27.Rxd8+ Rxd8 28.Nc6 Qd7 29.Nxd8 Qxd8
30.Qa4 Bh6 31.Qc6+ Kb8 32.Qxf6 Be3+ 33.Kh1 Qxf6 34.Rxf6 g5 35.Rf5 Bc1 36.b3 Bb2
37.Rxe5 Bxc3 38.Rxg5  1-0

[Event "Plzen opJ-B"]
[Site "Plzen"]
[Date "1996.??.??"]
[Round "4"]
[White "Herskovic, Radek"]
[Black "Konigova, Petra"]
[Result "1-0"]
[WhiteElo "1930"]
[BlackElo "1800"]

1.e4 c5 2.Nc3 Nc6 3.Nge2 e6 4.g3 Nf6 5.Bg2 Be7 6.O-O O-O 7.d4 cxd4 8.Nxd4 Qb6
9.Nb3 a6 10.Be3 Qc7 11.f4 d6 12.a4 e5 13.f5 b6 14.g4 h6 15.h4 Nh7 16.Nd5 Qd8
17.Bxb6 Qd7 18.Bf2 Qd8 19.Nxe7+ Qxe7 20.Qd2 Rd8 21.Rfd1 Rb8 22.Qe1 Qc7 23.a5 Qe7
24.Bb6 Rd7 25.Qf2 Rdb7 26.Nd2 Nf8 27.Nc4 Rd7 28.Rxd6 Rxd6 29.Bc5 Rd2 30.Nxd2 Qd7
31.Nc4 Qd8 32.b3 f6 33.Bf1 Bb7 34.Nb6 Ne7 35.Qe1 Qc7 36.b4 Rd8 37.Bc4+ Kh8
38.Bxe7 Qxe7 39.Nd5 Bxd5 40.Bxd5 Qa7+ 41.Qf2 Qc7 42.Qc5 Qxc5+ 43.bxc5 Rc8
44.c6 Rc7 45.Rb1 Rc8 46.Rb6  1-0

[Event "POL-chTJ"]
[Site "Poland"]
[Date "1996.??.??"]
[Round "?"]
[White "Hnydiuk, Aleksander"]
[Black "Twardowski, Lukasz"]
[Result "1/2-1/2"]
[WhiteElo "2295"]
[BlackElo "2265"]

1.e4 c5 2.Nc3 Nc6 3.Nf3 Nf6 4.d4 d5 5.exd5 Nxd5 6.Nxd5 Qxd5 7.Be3 cxd4 8.Nxd4 Bd7
9.c3 Nxd4 10.Qxd4 Qxd4 11.Bxd4 Bc6 12.h4 f6 13.f4 g6 14.Rh2 Bd5 15.g3 Kf7
16.Bg2 Bxg2 17.Rxg2 b6 18.O-O-O Bh6 19.Kc2 Rhd8 20.Re2 Rac8 21.a4 Rc7  1/2-1/2

[Event "Polanica Zdroj op"]
[Site "Polanica Zdroj"]
[Date "1996.??.??"]
[Round "2"]
[White "Hnydiuk, Aleksander"]
[Black "Stripunsky, Alexander"]
[Result "1/2-1/2"]
[WhiteElo "2295"]
[BlackElo "2495"]

1.e4 c5 2.Nc3 Nc6 3.Bb5 e6 4.Bxc6 bxc6 5.d3 d6 6.f4 Ne7 7.Nf3 Ng6 8.Qe2 Be7
9.O-O O-O 10.Kh1 Rb8 11.b3 Qc7 12.Re1 d5 13.g3 f5 14.e5 c4 15.d4 Ba6 16.Bd2 Rfc8
17.Qf2 Nf8 18.Na4 c5 19.Nxc5 Bxc5 20.dxc5 d4 21.Qxd4 Bb7 22.Rf1 Rd8 23.Qe3 Rd7
24.Kg1 Rbd8 25.Bc3 Qc6 26.Ba5 Rc8 27.Kf2 cxb3 28.axb3 Qb5 29.c4 Qc6 30.Rfd1 Rxd1
31.Rxd1 Qa6 32.Qc3 Bxf3 33.Kxf3 Qc6+ 34.Ke3 Qxc5+ 35.Rd4 Qc6 36.Qb2 Qh1 37.Rd8 Rxd8
38.Bxd8 Qg1+ 39.Qf2 Qb1 40.Qd2 Qxb3+ 41.Qd3 Qb4 42.Qd4 a5 43.c5 Qe1+ 44.Kd3 Qd1+
45.Kc3 Qa1+ 46.Kd3 Qb1+ 47.Kc3  1/2-1/2

[Event "Polanica Zdroj op"]
[Site "Polanica Zdroj"]
[Date "1996.??.??"]
[Round "5"]
[White "Macieja, Bartlomiej"]
[Black "Pyda, Zbigniew"]
[Result "1-0"]
[WhiteElo "2430"]
[BlackElo "2305"]

1.e4 c5 2.Nf3 Nc6 3.Nc3 Nf6 4.Bb5 g6 5.Bxc6 dxc6 6.d3 Bg7 7.Be3 b6 8.h3 e5
9.Nxe5 Nxe4 10.Qf3 f5 11.Bf4 Qe7 12.Nxc6 Qe6 13.dxe4 Qxc6 14.Nd5 Kf7 15.O-O-O fxe4
16.Qxe4 Re8 17.Qf3 Bf5 18.Rhe1 Rad8 19.c4 Qa4 20.Qb3 Qxb3 21.axb3 Be4 22.f3 Bxd5
23.Rxe8 Kxe8 24.Rxd5 Rxd5 25.cxd5 Kd7 26.Kc2 b5 27.Bb8 a6 28.f4 Bf6 29.Be5 Bxe5
30.fxe5 h5 31.h4 a5 32.Kd3 Ke7 33.d6+ Kd7 34.Ke3  1-0

[Event "Polanica Zdroj op"]
[Site "Polanica Zdroj"]
[Date "1996.??.??"]
[Round "7"]
[White "Kaula, Roman"]
[Black "Krasenkova, Ilena"]
[Result "1/2-1/2"]
[WhiteElo "2315"]
[BlackElo "2155"]

1.e4 c5 2.Nf3 Nc6 3.Nc3 e5 4.Bc4 Be7 5.d3 d6 6.h3 Nf6 7.Bg5 O-O 8.O-O Be6
9.Bxf6 Bxf6 10.Nd5 Rb8 11.a4 g6 12.Nxf6+ Qxf6 13.Nh2 Rbd8 14.Ng4 Bxg4 15.Qxg4 Nd4
16.c3 Ne6 17.g3 h5 18.Qe2 Kg7 19.h4 a5 20.Qe3  1/2-1/2

[Event "Porto San Giorgio op"]
[Site "Porto San Giorgio"]
[Date "1996.??.??"]
[Round "?"]
[White "Moroder, Thomas"]
[Black "Nicevski, Risto"]
[Result "1/2-1/2"]
[WhiteElo "2070"]
[BlackElo "2335"]

1.e4 c5 2.Nc3 Nc6 3.Nge2 Nf6 4.d4 cxd4 5.Nxd4 Qb6 6.Nb3 e6 7.Be3 Qc7 8.f4 Bb4
9.Bd3 d5 10.e5 Ne4 11.Bxe4 dxe4 12.O-O Bxc3 13.bxc3 b6 14.Qg4 f5 15.exf6 gxf6
16.Nd4 Nxd4 17.Bxd4 Qf7 18.f5 exf5 19.Rxf5 Bxf5 20.Qxf5 O-O 21.Rf1 Rae8 22.Rf4 e3
23.Kf1 e2+ 24.Ke1 Qe6 25.Rg4+ Kh8 26.Qg5 Re7 27.Rf4 Ref7 28.a4 a5  1/2-1/2

[Event "Porto San Giorgio op"]
[Site "Porto San Giorgio"]
[Date "1996.??.??"]
[Round "?"]
[White "Nicevski, Risto"]
[Black "Efimov, Igor"]
[Result "0-1"]
[WhiteElo "2335"]
[BlackElo "2455"]

1.e4 c5 2.Nf3 Nc6 3.Nc3 d6 4.d4 cxd4 5.Nxd4 Nf6 6.Bg5 e6 7.Qd2 a6 8.O-O-O Bd7
9.f3 h6 10.Be3 Qc7 11.g4 Rb8 12.Nxc6 Bxc6 13.Rg1 b5 14.h4 Nd7 15.Ne2 Nb6
16.Nd4 Bd7 17.Qa5 Qb7 18.b3 d5 19.e5 Be7 20.g5 Nc4 21.bxc4 bxc4 22.a3 hxg5
23.Kd2 Rxh4 24.Be2 Qb2 25.Qc3 Qxc3+ 26.Kxc3 f6 27.exf6 gxf6 28.Rb1 Rc8 29.Bf2 e5
30.Bxh4 exd4+ 31.Kd2 gxh4 32.f4 Kf8 33.Bf3 Bd6 34.Bxd5 Bxf4+ 35.Ke2 Bg5 36.Kf3 d3
37.cxd3 cxd3 38.Bb7 Rc3 39.Bxa6 d2+ 40.Ke4 Rxa3 41.Bb7 Ba4 42.Kf5 Bc2+  0-1

[Event "Portoroz"]
[Site "Portoroz"]
[Date "1996.??.??"]
[Round "?"]
[White "Podlesnik, Bogdan"]
[Black "Beliavsky, Alexander G"]
[Result "1/2-1/2"]
[WhiteElo "2410"]
[BlackElo "2615"]

1.e4 c5 2.Nc3 Nc6 3.Nf3 Nf6 4.d4 cxd4 5.Nxd4 d6 6.f4 g6 7.Be2 Bg7 8.Be3 O-O
9.O-O Qb6 10.Qd3 Ng4 11.Bxg4 Bxd4 12.Bxd4 Qxd4+ 13.Qxd4 Nxd4 14.Bd1 Be6 15.Rf2 Rac8
16.Rd2 Rc4 17.Nb1 Nc6 18.Bf3 Rc5 19.c3 a5 20.a4 g5 21.f5 Bd7 22.f6 exf6 23.Rxd6 Be6
24.Na3 Rb8 25.c4 g4 26.Bd1 Re5 27.Bc2 Nb4 28.Rd4 Kg7 29.Rf1 h5 30.Bb1 Na6
31.Nb5 Nc5 32.Bc2 Bd7 33.Nc3 Bc6 34.Nd5 Rd8 35.b3 Rd6 36.Rf2 Rde6 37.Nc7 Re7
38.Nd5 R7e6 39.Nc7 Re7 40.Nd5 Rd7 41.Rf1 Rd6  1/2-1/2

[Event "CZE-ch U18"]
[Site "Prague"]
[Date "1996.??.??"]
[Round "8"]
[White "Cernousek, Lukas"]
[Black "Mrna, Vladimir"]
[Result "0-1"]
[WhiteElo "2000"]
[BlackElo "1875"]

1.e4 c5 2.Nc3 Nc6 3.Nge2 a6 4.a4 d6 5.d4 cxd4 6.Nxd4 g6 7.Be3 Bg7 8.Be2 Nf6
9.Nb3 O-O 10.f4 Na5 11.O-O Be6 12.f5 Bc4 13.e5 Ne8 14.fxg6 hxg6 15.exd6 Nxd6
16.Bd4 Bxe2 17.Nxe2 Nxb3 18.Bxg7 Kxg7 19.cxb3 Qb6+ 20.Kh1 Ne4 21.Qe1 Rh8
22.Nf4 f5 23.Rf3 Rad8 24.a5 Qd6 25.g3 Qd2 26.Qg1 Rd6 27.Ng2 Qe2 28.Qe3 Qxb2
29.Rg1 Rd2 30.Qe1 Rf2 31.Re3 Rf4 32.Re2 Nf2+ 33.Rxf2 Rxf2 34.Qxe7+ Kg8 35.Qe8+ Kh7
36.Qe7+ Qg7 37.Qh4+ Kg8 38.Qd8+ Qf8 39.Qd5+ Kh7 40.Nf4 Qe8 41.Qxb7+ Kh6 42.Qxa6 Qe4+
43.Ng2 Rd8 44.Qf6 Rxg2  0-1

[Event "CZE-ch U18"]
[Site "Prague"]
[Date "1996.??.??"]
[Round "8"]
[White "Sala, D."]
[Black "Petrzilek, M."]
[Result "0-1"]
[WhiteElo "1625"]
[BlackElo "1605"]

1.e4 c5 2.Nc3 Nc6 3.Nge2 d6 4.d4 cxd4 5.Nxd4 Bd7 6.Be3 Nf6 7.f3 g6 8.Qd2 Bg7
9.O-O-O O-O 10.g4 Nxd4 11.Bxd4 Qa5 12.h4 b5 13.g5 Nh5 14.Bxg7 Nxg7 15.Kb1 Be6
16.f4 b4 17.Nd5 Bxd5 18.Qxd5 Qxd5 19.Rxd5 Nh5 20.Rd4 a5 21.e5 dxe5 22.fxe5 Rfd8
23.Rxd8+ Rxd8 24.Bd3 Nf4 25.Rd1 Rd5 26.Re1 Nxd3 27.cxd3 Rxd3 28.Re4 Kf8 29.Kc2 Rd5
30.Kb3 Ke8 31.Kc4 Rd2 32.Kb5 Rxb2 33.Kxa5 Rxa2+ 34.Kxb4 Kd7 35.e6+ fxe6 36.Kc3 Kd6
37.Kd3 Ra3+ 38.Ke2 e5 39.Rb4 Rh3 40.Re4 Kd5 41.Rg4 e6 42.Kf2 e4 43.Kg2 Rf3
44.Kg1 Kd4 45.Kg2 Ke3 46.Kg1 Rf2 47.Rg3+ Ke2 48.Rb3 e3 49.Rb7 Kf3 50.Rb3 Re2
51.Kf1 Rh2  0-1

[Event "CRO-ch"]
[Site "Pula"]
[Date "1996.??.??"]
[Round "?"]
[White "Ascic, Pero"]
[Black "Brumen, Dinko"]
[Result "1-0"]
[WhiteElo "2290"]
[BlackElo "2335"]

1.e4 c5 2.Nf3 Nc6 3.Nc3 e5 4.Bc4 Be7 5.O-O Nf6 6.Re1 O-O 7.Nd5 Nxd5 8.exd5 Na5
9.Bf1 d6 10.c3 f5 11.b4 e4 12.bxa5 Bf6 13.a6 bxa6 14.d4 exf3 15.Qxf3 cxd4
16.c4 Qa5 17.Bf4 d3 18.Rad1 Bd7 19.Bxd3 Ba4 20.Rb1 Rad8 21.Qg3 Qc5 22.Re6 Qd4
23.h3 Bh4 24.Qe3 Qxe3 25.fxe3 Rf6 26.Rxf6 Bxf6 27.Bxf5 g6 28.Bd3 Rd7 29.Kf2 a5
30.Ke2 Bd8 31.e4 Bb6 32.Be3 Bxe3 33.Kxe3 Kg7 34.Kd4 Rf7 35.Rb2 h5 36.c5 dxc5+
37.Kxc5 Rc7+ 38.Kd4 g5  1-0

[Event "Raahe We RaahLi"]
[Site "Raahe"]
[Date "1996.??.??"]
[Round "4"]
[White "Luukkonen, Tommi"]
[Black "Porrasmaa, Timo"]
[Result "1-0"]
[WhiteElo "2100"]
[BlackElo "2140"]

1.e4 c5 2.Nc3 Nc6 3.Nge2 e5 4.g3 d6 5.Bg2 Bg4 6.h3 Be6 7.O-O Qd7 8.Nd5 O-O-O
9.Kh2 g5 10.f4 gxf4 11.gxf4 f5 12.d3 fxe4 13.dxe4 exf4 14.Nexf4 Bf7 15.c3 Bg7
16.Be3 Nge7 17.Rb1 Ng6 18.Nd3 Rdf8 19.Qa4 Be6 20.b4 Nh4 21.b5 Nb8 22.Bg5 Bxd5
23.Bxh4 Be6 24.Bg3 b6 25.Rfd1 Rhg8 26.Nxc5 bxc5 27.Rxd6 Qc7 28.Rc6 Nxc6 29.Bxc7 Kxc7
30.bxc6 Be5+ 31.Kh1 Rxg2 32.Kxg2 Rg8+ 33.Kf2 Bg3+ 34.Ke2 Bxh3 35.Qxa7+ Kd6
36.Rd1+ Ke5 37.Qe7+ Kf4 38.Qf7+  1-0

[Event "Randers"]
[Site "Randers"]
[Date "1996.??.??"]
[Round "3"]
[White "Lindfeldt, Jan Magnus"]
[Black "Hultin, Johan"]
[Result "0-1"]
[WhiteElo "2165"]
[BlackElo "2300"]

1.e4 c5 2.Nc3 Nc6 3.Nge2 d6 4.g3 g6 5.Bg2 Bg7 6.O-O e6 7.d3 Nge7 8.Bg5 Rb8
9.a4 a6 10.Qd2 h6 11.Be3 Nd4 12.Nc1 e5 13.N3e2 d5 14.f4 Nxe2+ 15.Qxe2 d4
16.Bd2 b6 17.Nb3 a5 18.Bc1 O-O 19.Nd2 exf4 20.Rxf4 Nc6 21.Nc4 h5 22.Rf2 Bg4
23.Bf3 Be6 24.b3 Rb7 25.Bd2 Nb4 26.Bf4 Qd7 27.Nd6 Rc7 28.Nb5 Rcc8 29.Qd2 Nc6
30.Nd6 Rcd8 31.Nc4 Bxc4 32.bxc4 Ne5 33.Be2 Nxc4 34.dxc4 d3 35.Rd1 dxe2 36.Rxe2 Bd4+
37.Kg2 Qxa4 38.c3 Bf6 39.Bd6 Bxc3 40.Qd5 Rfe8 41.Rf1 Re6  0-1

[Event "ISL-chT"]
[Site "Reykjavik"]
[Date "1996.??.??"]
[Round "?"]
[White "Thorhallsson, Throstur"]
[Black "Thorsteinsson, Arnar"]
[Result "1/2-1/2"]
[WhiteElo "2445"]
[BlackElo "2250"]

1.e4 c5 2.Nc3 Nc6 3.Nf3 g6 4.d4 cxd4 5.Nxd4 Bg7 6.Be3 d6 7.Bc4 Nf6 8.f3 O-O
9.Qd2 Bd7 10.O-O-O Ne5 11.Bb3 Qc7 12.Bg5 Qc5 13.Bxf6 Bxf6 14.Nd5 a5 15.Nxf6+ exf6
16.Kb1 a4 17.Bd5 Bc6 18.Ne2 Rfc8 19.Nf4 Ra5 20.Bxc6 Rxc6 21.Nd3 Qb6 22.Nxe5 fxe5
23.Rhe1 Rb5 24.b3 Rbc5 25.Re2  1/2-1/2

[Event "EU-ch U18"]
[Site "Rimavska Sobota"]
[Date "1996.??.??"]
[Round "4"]
[White "Matikozian, Andranik"]
[Black "Bekker Jensen, David"]
[Result "1-0"]
[WhiteElo "2300"]
[BlackElo "2190"]

1.e4 c5 2.Nc3 Nc6 3.Nf3 e5 4.Bc4 d6 5.d3 Be7 6.O-O Nf6 7.Ng5 O-O 8.f4 exf4
9.Bxf4 h6 10.Nf3 Be6 11.Nd5 Bxd5 12.exd5 Nb4 13.Bd2 Nbxd5 14.Nh4 Nc7 15.Nf5 d5
16.Bb3 Kh7 17.Qf3 c4 18.Nxe7 Qxe7 19.Qf5+ Kh8 20.dxc4 Ne4 21.Rae1 Ne6 22.Qxd5 Rad8
23.Rxe4 Rxd5 24.cxd5 Rd8 25.dxe6 Rxd2 26.exf7 Qc5+ 27.Kh1 Kh7 28.Re8  1-0

[Event "EU-ch U18"]
[Site "Rimavska Sobota"]
[Date "1996.??.??"]
[Round "5"]
[White "Hnydiuk, Aleksander"]
[Black "Pinski, Jan"]
[Result "1/2-1/2"]
[WhiteElo "2280"]
[BlackElo "2320"]

1.e4 c5 2.Nc3 Nc6 3.Bb5 e6 4.Bxc6 bxc6 5.f4 d5 6.d3 Ba6 7.e5 c4 8.d4 c5 9.Nf3 Nh6
10.Ne2 cxd4 11.Nfxd4 c3 12.Nxc3 Bb4 13.Qf3 Qb6 14.Be3 Bxc3+ 15.bxc3 Qc7 16.Kf2 O-O
17.g4 Rfe8 18.Rad1 Qxc3 19.f5 exf5 20.Bxh6 Qxf3+ 21.Nxf3 fxg4 22.Rhg1 gxh6
23.Rxg4+ Kf8 24.Rxd5 Bb7 25.Rb5 Bxf3 26.Kxf3 Rac8 27.c4 Re6 28.Rf4 Rc7 29.Ra5 Rec6
30.Ra4 Rc5 31.Ra6  1/2-1/2

[Event "EU-ch U18"]
[Site "Rimavska Sobota"]
[Date "1996.??.??"]
[Round "8"]
[White "Hnydiuk, Aleksander"]
[Black "Grigore, Nicolae Petre"]
[Result "1-0"]
[WhiteElo "2280"]
[BlackElo "2295"]

1.e4 c5 2.Nc3 Nc6 3.Bb5 Nd4 4.Bc4 e6 5.Nf3 Ne7 6.Nxd4 cxd4 7.Ne2 Nc6 8.d3 Qb6
9.O-O d6 10.Ng3 g6 11.Bb3 Bd7 12.f4 Bh6 13.f5 Bxc1 14.Qxc1 O-O-O 15.fxe6 fxe6
16.Rf6 Rde8 17.Qd2 Ne5 18.h3 Kb8 19.Raf1 h6 20.Qf2 g5 21.Ne2 Nc6 22.c3 Ne5
23.cxd4 Nxd3 24.Qe3 Bb5 25.Rd1 Nxb2 26.Rb1 Bxe2 27.Rxb2 Ba6 28.Qf2 Qc6 29.d5 Qc1+
30.Kh2 g4 31.hxg4 h5 32.g5 Qxg5 33.dxe6 Qe5+ 34.Kh1 Qxe4 35.Qf4 Qe1+ 36.Kh2 Qe5
37.Qxe5 dxe5 38.Rf5 e4 39.Re5 b6 40.Rxe4 Bb7 41.Re5 h4 42.Rf2 Re7 43.Rf7 Rhe8
44.Rh5 Kc7 45.Rxh4 a6 46.Rc4+ Bc6 47.Rd4 b5 48.g4 Kb6 49.g5 a5 50.a3 a4 51.Ba2 Rh8+
52.Kg3 Ree8 53.g6 Reg8 54.Bb1 Be8 55.Rg4 Rh1 56.Be4 Re1 57.Bf5 Kc5 58.g7 Rh1
59.Rf8 Rg1+ 60.Kf2 Rxg4 61.Rxg8 Rg5 62.Rxe8  1-0

[Event "Sakthi"]
[Site "Sakthi"]
[Date "1996.??.??"]
[Round "5"]
[White "Lovlu, Saifuddi"]
[Black "Konguveel, Ponnuswamy"]
[Result "1/2-1/2"]
[WhiteElo "2215"]
[BlackElo "2395"]

1.e4 c5 2.Nf3 Nc6 3.Nc3 g6 4.Bb5 Bg7 5.O-O d6 6.Re1 e5 7.Nd5 a6 8.Bf1 Nge7
9.c3 O-O 10.d3 h6 11.Bd2 Nxd5 12.exd5 Ne7 13.c4 f5 14.b4 b6 15.Rc1 g5 16.Bc3 Ng6
17.a4 a5 18.bxa5 bxa5 19.Nd2 Bd7 20.Ra1 g4 21.Qc2 Nh4 22.Reb1 Rf6 23.Rb7 Bc8
24.Rb2 Rg6 25.Kh1 Qg5 26.Rab1 Kh7 27.Rb8 Rxb8 28.Rxb8 Bd7 29.Bxa5 Nf3 30.Nxf3 gxf3
31.g3 f4 32.Bd8 Qh5 33.Bh4 fxg3 34.Bxg3 Bh3 35.Qb1 e4 36.dxe4 Rxg3 37.fxg3 Bg2+
38.Bxg2 fxg2+ 39.Kxg2 Qe2+ 40.Kh3 Qh5+  1/2-1/2

[Event "Sao Paulo Interclub"]
[Site "Sao Paulo"]
[Date "1996.??.??"]
[Round "3"]
[White "Cukier, Marcelo"]
[Black "Limp, Eduardo"]
[Result "0-1"]
[WhiteElo "2180"]
[BlackElo "2320"]

1.e4 c5 2.Nf3 Nc6 3.Nc3 d6 4.d4 cxd4 5.Nxd4 Nf6 6.Bc4 e6 7.Be3 Be7 8.Qe2 O-O
9.O-O-O Bd7 10.f4 Rc8 11.Bb3 Na5 12.e5 Nxb3+ 13.Nxb3 dxe5 14.fxe5 Nd5 15.Nxd5 exd5
16.Kb1 Bf5 17.Nd4 Be4 18.Qg4 Qc7 19.e6 Bxc2+ 20.Nxc2 Qxc2+ 21.Ka1 Bf6 22.exf7+ Rxf7
23.Bd4 Bxd4 24.Qxd4 Rd7 25.Qe3 Rdc7 26.a3 Qxg2 27.Qe6+ Kh8 28.Qxd5 Rc1+ 29.Rxc1 Rxc1+
30.Rxc1 Qxd5 31.Rc8+ Qg8 32.Rxg8+ Kxg8 33.Kb1 Kf7 34.Kc2 Ke6 35.Kc3 Kd5 36.Kd3 g5
37.b3 h5 38.Ke3 Ke5 39.a4 a5 40.Kd3 g4 41.Ke3 h4 42.Ke2 Kd4  0-1